Представление документа в формате RUSMARC

ПолеНазваниеЗначение
  Тип записи a
  Библиографический уровень m
001 Контрольный номер RU/SLIB/B/208748067
005 Дата корректировки 20240215161012.6
010 Индекс ISBN __
d Цена 1500-00; 2-30
100 Данные общей обработки __
a Данные общей обработки 20230524d1988 maey0rusy028902 ca
101 Язык документа 0_
a Язык текста rus
102 Страна публикации __
a Страна публикации RU
105 Кодированные данные (монография) __
a Кодированные данные (монография) a z 000yy
181 Поле кодированных данных: вид содержания _0
a Код вида содержания (ISBD) i
182 Поле кодированных данных: тип средства _0
a Код типа средства (ISBD) n
200 Заглавие и сведения об ответственности 0_
a Заглавие Мир профессий. Человек - знаковая система
f Первые сведения об ответственности сост.: С. Н. Левиева, В. С. Шнейдеров ; предисл.: В. Шапкина, С. Н. Левиевой
b Общее обозначение материала Текст
210 Выходные данные 1_
a Место издания М.
c Издательство Молодая гвардия
d Дата издания 1988
215 Физическое описание __
a Объем 351 с.
c Иллюстрации/тип воспроизводства ил.
330 Аннотация __
a Аннотация В томе человек-знаковая система рассказывается о профессиях где человек взаимодействует со знаками и знаковыми системами: буквами, цифрами, формулами, символами и изображениями, используемыми в проектах, схемах, картах и т. д. К таким профессиям относятся: наборщик, машинистка, лингвист, учетчик, кассир, математик, оператор электронно-вычислительных машин и т. д. Издание рассчитано на старшеклассников, учителей средней школы и всех тех, кто занимается вопросами профориентации молодежи.
606 Тематические рубрики __
a Основная рубрика Образование. Педагогика
2 Код системы nlr_sh
606 Тематические рубрики __
a Основная рубрика Теория и методика воспитания
2 Код системы nlr_sh
610 Ключевые слова 0_
a Ключевые слова профессиональная ориентация; профессии; выбор профессии; профотбор; профориентация
686 Индексы других классификаций __
a Классификационный индекс 74.200.536; В74.200.52
2 Код системы rubbks
702 Вторичная интеллектуальная ответственность _1
a Фамилия Левиева
b Имя С. Н.
4 Код отношения 220
4 Код отношения 080
g Полное личное имя Суламифь Наумовна
702 Вторичная интеллектуальная ответственность _1
a Фамилия Шнейдеров
b Имя В. С.
4 Код отношения 220
702 Вторичная интеллектуальная ответственность _1
a Фамилия Шапкин
b Имя В.
4 Код отношения 080
702 Вторичная интеллектуальная ответственность _1
a Фамилия Левиева
b Имя С. Н.
4 Код отношения 080
801 Источник записи _0
a Страна RU
b Организация Муниципальное бюджетное учреждение культуры "Централизованная библиотечная система" г. Сургут (Центральная городская библиотека им. А. С. Пушкина)
g Правила каталогизации PSBO
801 Источник записи _1
a Страна RU
b Организация Муниципальное бюджетное учреждение культуры "Централизованная библиотечная система" г. Сургут (Центральная городская библиотека им. А. С. Пушкина)
g Правила каталогизации PSBO
852 Данные о местонахождении __
j Шифр хранения 74.200.536
c Каталожный индекс 74.200.52
i Авторский знак М 63
p Инвентарный номер 57450, 35378
901 Тип документа __
t Тип документа m
a Ответственный КиК/Уланова
901 Тип документа __
a Ответственный СКБР2024
903 Характеристики (МАРС) __
c Наименование библиотеки (МАРС) Муниципальное бюджетное учреждение культуры "Централизованная библиотечная система" г. Сургут (Центральная городская библиотека им. А. С. Пушкина)
990 Данные о заказе (DOS) __
j Количество экземпляров (DOS) 2